A King's Story : (Record no. 187114)
[ view plain ]
| 000 -LEADER | |
|---|---|
| fixed length control field | 01088 a2200157 4500 |
| 003 - CONTROL NUMBER IDENTIFIER | |
| control field | Nust |
| 005 - DATE AND TIME OF LATEST TRANSACTION | |
| control field | 20230130123153.0 |
| 040 ## - CATALOGING SOURCE | |
| Transcribing agency | Nust |
| 082 ## - DEWEY DECIMAL CLASSIFICATION NUMBER | |
| Classification number | 920,KIN |
| 245 ## - TITLE STATEMENT | |
| Title | A King's Story : |
| Remainder of title | The Memoirs of H.R.M the Duke of Windsor K.G / |
| 260 ## - PUBLICATION, DISTRIBUTION, ETC. | |
| Place of publication, distribution, etc. | London |
| Name of publisher, distributor, etc. | Cassell |
| Linkage | 1951 |
| 300 ## - PHYSICAL DESCRIPTION | |
| Extent | 440:p |
| 505 ## - FORMATTED CONTENTS NOTE | |
| Formatted contents note | The Little France (Page-1), Edwardian Schoolroom (Page-16), The Sequire of Sandringham (Page-34), The Navy will Teach David (Page-53), I Become Prince of Wales (Page-69), Student Prince (Page-88), The Grim School of War (Page-106), My Entry Into Public Life (Page-127), They Called Me Digger (Page-152), The Brightest Jewel (Page-162), A Prophetic Date (Page-204), My Father Dies (Page-261), The First Six Month of My Reign (Page-286), Balkan Holiday (Page-302), The King Receives a Disturbing Letter (Page-321), A Momentous Cabinet Meeting (Page-337), Wallis Depart for France (Page-358), The King’s Party (Page-380), The Fate of the Two Bills (Page-389), The Conspiracy That Failed (Page-407), God Save the King (Page-407). |
| 650 ## - SUBJECT ADDED ENTRY--TOPICAL TERM | |
| Topical term or geographic name entry element | Biography |
| 9 (RLIN) | 461 |
| 942 ## - ADDED ENTRY ELEMENTS (KOHA) | |
| Source of classification or shelving scheme | |
| Koha item type | Book |
| Withdrawn status | Lost status | Source of classification or shelving scheme | Damaged status | Not for loan | Collection code | Permanent Location | Current Location | Date acquired | Total Checkouts | Full call number | Barcode | Date last seen | Price effective from | Koha item type | Shelving location | Public note |
|---|---|---|---|---|---|---|---|---|---|---|---|---|---|---|---|---|
| Military College of Signals (MCS) | Military College of Signals (MCS) | 12/12/2016 | 920 KIN | MCS29233 | 12/08/2016 | 12/12/2016 | Book | |||||||||
| Military College of Signals (MCS) | Military College of Signals (MCS) | 12/12/2016 | 920,KIN | MCS29259 | 12/08/2016 | 12/12/2016 | Book | General Stacks | Almirah No.59, Shelf No.3 |
